| 000 | 00363 a2200145 4500 | ||
|---|---|---|---|
| 999 |
_c12225 _d12225 |
||
| 003 | OSt | ||
| 005 | 20240117165237.0 | ||
| 008 | 240117b ||||| |||| 00| 0 eng d | ||
| 020 | _a9788415492771 | ||
| 082 | _a727.38 | ||
| 100 | _a Xavier Broto | ||
| 245 | _aStudent Residences | ||
| 260 |
_bLeading International Key Services Barcelona, S.A _c2015 |
||
| 942 | _2ddc | ||